00929nam a2200253 i 4500003000900000005001700009007000300026008004100029040003000070082001400100100004300114245007300157264004100230300002600271336002700297337003400324338002800358504002800386590002700414910001400441942001400455952018900469999001700658DO-SdBNP20230927150530.0ta110413s1966 dr 000 0 spa d aDO-SdBNPbspacBNPHUerda bS211d222 aSánchez Sanlley, Augusto Luis98069810aDemocracia y sistemas electorales /cAugusto Luis Sánchez Sanlley  1aSanto Domingo :bArte y Cine,c1966. a52 páginas c21 cm. 2rdacontentatextobtxt 2rdamediaasin mediación bn 2rdacarrieravolumenbnc aBibliografía p: 51-52 aInventariado, 2023/ YL aYLockward 2ddccLBS1 00102ddc51708PDaBNPHUbBNPHUcBDd2014-12-01eBarbara Suncarl0oBNPHU PD S211dp2023-6501r2023-09-27w2023-09-27yLBS1zPerteneció a la biblioteca personal de Bárbara Suncar c54981d54981